000 00713nam a2200205Ii 4500
003 JO-AjNU
008 230605s9999||||xx |||||||||||||| ||und||
040 _aJO-AjNU
_bara
_erda
_cJO-AjNU
041 _aara
050 1 4 _aBP130.4.T39 2008
100 3 _aإعداد تايه، خضر عبدالله,
_eauthor
_924185
245 0 0 _aفوائد ولطائف من وحي القرآن الكريم
250 _aط1
264 3 1 _aعمان: دار الفرقان للنشر والتوزيع، 2008
300 _a321ص
336 _atext
_btxt
_2rdacontent
337 _aunmediated
_bn
_2rdamedia
338 _avolume
_bnc
_2rdacarrier
650 4 _aتفاسير بلاغية - القران - مباحث عامة
_924186
999 _aA8865
_c12433
_d12433